<?xml version="1.0" encoding="UTF-8"?>
<collection xmlns="http://www.loc.gov/MARC21/slim">
 <record>
  <leader>00603pamaa2200193   4500</leader>
  <controlfield tag="001">0000039319</controlfield>
  <controlfield tag="005">20090610090000.0</controlfield>
  <datafield tag="020" ind1="0" ind2="0">
   <subfield code="a">0125506562 (pbk) </subfield>
  </datafield>
  <datafield tag="082" ind1=" " ind2=" ">
   <subfield code="a">576.15 PEP</subfield>
  </datafield>
  <datafield tag="090" ind1="0" ind2="0">
   <subfield code="a">QR100 </subfield>
   <subfield code="b">PEP 2005</subfield>
  </datafield>
  <datafield tag="100" ind1="1" ind2="0">
   <subfield code="a">PEPPER </subfield>
  </datafield>
  <datafield tag="245" ind1="1" ind2="0">
   <subfield code="a">Environmental Microbiology : </subfield>
   <subfield code="b">a laboratory manual  </subfield>
   <subfield code="c">I. L. Pepperand C. P. Gerba.</subfield>
  </datafield>
  <datafield tag="250" ind1="0" ind2="0">
   <subfield code="a">2nd ed.</subfield>
  </datafield>
  <datafield tag="260" ind1="0" ind2="0">
   <subfield code="a">Amsterdam: </subfield>
   <subfield code="b">Elsevier Academic Press, </subfield>
   <subfield code="c">2005.</subfield>
  </datafield>
  <datafield tag="300" ind1=" " ind2=" ">
   <subfield code="a">vxii, 209p.: </subfield>
   <subfield code="b">ill.; </subfield>
   <subfield code="c">28 cm.</subfield>
  </datafield>
  <datafield tag="501" ind1="0" ind2="0">
   <subfield code="a">UCBIOTECH</subfield>
  </datafield>
  <datafield tag="650" ind1="0" ind2="0">
   <subfield code="a">Microbial ecology -- </subfield>
   <subfield code="x">Periodicals </subfield>
  </datafield>
  <datafield tag="650" ind1="0" ind2="0">
   <subfield code="a">Environmental Microbiology -- </subfield>
   <subfield code="x">Periodicals </subfield>
  </datafield>
  <datafield tag="700" ind1="1" ind2="1">
   <subfield code="a">Gerba, </subfield>
   <subfield code="h">Charles P. </subfield>
  </datafield>
 </record>
</collection>
